000
00326nam a22001457a 4500
008
221011b ||||| |||| 00| 0 eng d
020
_a
73114595
041
_a
eng
080
_2
SECOND EDITION
_a
611
082
_a
611 REI
100
_a
15.1
101
_a
HIS
245
_a
DESCRIPTIVE HISTOLOGY
_c
REITH E
942
_2
udc
_c
BK
999
_c
58473
_d
58473